Les 50... Personnages de Manga - Statistiques

Statistiques générales
  • Ce quiz a été pris 1 598 fois
  • Le résultat moyen est 28 sur 50
Statistiques - réponses
Par images Hint Réponse % Correct
One Piece Monkey D.Luffy
99%
One Punch Man Saitama
95%
Hunter X Hunter Gon Freecss
94%
One Piece Roronoa Zoro
90%
Naruto Sakura Haruno
90%
Death Note L
86%
Demon Slayer Tanjirō Kamado
85%
Détective "... " Conan Edogawa
84%
Naruto
84%
Fairy Tail Natsu Dragnir
82%
Naruto Sasuke Uchiwa
82%
Hunter X Hunter Hisoka Morow
81%
One Piece Nami
80%
L'Attaque des Titans Mikasa Ackerman
78%
Hunter X Hunter kirua zoldik
76%
Dragon Ball Son Goku
76%
Jujutsu Kaisen Satoru Gojo
75%
My Hero Academia Izuku Midoriya
72%
Bleach Ichigo Kurosaki
71%
Classroom Assassination Koro-Sensei
70%
Fullmetal Alchemist Edward Elric
69%
GTO Eikichi Onizuka
68%
Death Note Light Yagami
67%
Jujutsu Kaisen Yūji Itadori
67%
Tokyo Ghoul Ken Kaneki
62%
Berserk Guts
61%
Yu-Gi-Oh! Yugi Muto
57%
Tetsuwan Atomu Astroboy
55%
One Punch Man Genos
55%
Jujutsu Kaisen Megumi Fushiguro
53%
Kuroko's Basket Tetsuya Kuroko
53%
Tokyo Revengers Takemichi Hanagaki
50%
City Hunter Nicky Larson
46%
L'Attaque des Titans Eren Jäger
44%
Berserk Griffith
44%
Vinland Saga Thorfinn
42%
Jojo's Bizarre Adventure Jonathan Joestar
36%
Captain Tsubasa Olivier Atton
35%
Haikyu!! Shōyō Hinata
35%
Fullmetal Alchemist Roy Mustang
27%
Berserk Casca
26%
Gintama Gintoki Sakata
22%
Captain Tsubasa Thomas Price
15%
Monster Tenma Kenzô
14%
Vagabond Musashi Miyamoto
12%
Neon Genesis Evangelion Rei Ayanami
11%
Slam Dunk Hanamichi Sakuragi
7%
Akira Kaneda Shōtarō
4%
Bakuman Mashiro Moritaka
3%
Ghost in the Shell Motoko Kusanagi
1%
Aucun quiz correspondant
Distribution des résultats
% des personnes avec chaque résultat
Percentile par nombre de réponses
Votre historique - résultats
Vous n’avez pas pris ce quiz